[Event "ICS rated blitz match"]
[Site "204.178.125.65"]
[Date "2000.07.30"]
[Round "?"]
[White "Colorado"]
[Black "Hossa"]
[Result "1/2-1/2"]
[WhiteElo "2531"]
[BlackElo "2445"]
[PlyCount "106"]
[EventDate "2000.??.??"]

1. d4 Nf6 2. c4 g6 3. Nc3 d5 4. Nf3 Bg7 5. Qb3 dxc4 6. Qxc4 O-O 7. e4 Na6 8.
Be2 c6 9. O-O Qc7 10. h3 b5 11. Qd3 Kh8 12. Ne5 Nd7 13. Nxd7 Qxd7 14. Rd1 f5
15. Bg5 b4 16. Na4 h6 17. Bf4 fxe4 18. Qxe4 Qf5 19. Qxf5 Rxf5 20. Be5 Bb7 21.
Rac1 Bxe5 22. dxe5 Rxe5 23. Re1 Re8 24. Bxa6 Rxe1+ 25. Rxe1 Bxa6 26. Re4 b3 27.
axb3 Kg7 28. Rd4 Bc8 29. Nc5 Rf8 30. Ra4 Rf5 31. b4 a6 32. Nxa6 Bxa6 33. Rxa6
Rf6 34. Rb6 Rd6 35. b5 cxb5 36. Rxb5 h5 37. Kf1 Rd2 38. Ke1 Rc2 39. b4 Kf6 40.
Rb7 h4 41. b5 Rb2 42. b6 Ke6 43. g3 hxg3 44. fxg3 Kd6 45. h4 Rg2 46. Ra7 Rxg3
47. b7 Rb3 48. Ke2 e6 49. Kf2 Kc6 50. Ra6+ Kd7 51. Ra7 Kc6 52. Ra6+ Kd7 53. Ra7
Kc6 1/2-1/2

[Event "ICS rated blitz match"]
[Site "204.178.125.65"]
[Date "2000.07.30"]
[Round "?"]
[White "Njall"]
[Black "Hossa"]
[Result "1/2-1/2"]
[WhiteElo "2130"]
[BlackElo "2458"]
[PlyCount "112"]
[EventDate "2000.??.??"]

1. c4 e5 2. Nc3 Nf6 3. g3 d5 4. cxd5 Nxd5 5. Bg2 Nb6 6. Nf3 Nc6 7. d3 Be7 8.
O-O O-O 9. a3 Be6 10. b4 f6 11. Be3 Nd5 12. Nxd5 Bxd5 13. Qc2 a5 14. b5 Na7 15.
a4 Nc8 16. Rfc1 Bd6 17. d4 Ne7 18. dxe5 Bxe5 19. Nxe5 fxe5 20. Qxc7 Bxg2 21.
Kxg2 Nd5 22. Qxb7 Rb8 23. Qc6 Nxe3+ 24. fxe3 Qd2 25. Qc4+ Kh8 26. Qd3 Rbd8 27.
Qxd2 Rxd2 28. Re1 Kg8 29. Rab1 Ra2 30. b6 Rb8 31. Rb5 Rxa4 32. Reb1 Ra2 33. Kf3
a4 34. b7 a3 35. Ra5 Kf7 36. Ra8 Rb2 37. Rxb8 Rxb1 38. Ra8 Rxb7 39. Rxa3 Re7
40. Ke4 Kf6 41. Ra6+ Re6 42. Rxe6+ Kxe6 43. g4 g5 44. Kd3 Kd5 45. e4+ Kc5 46.
Kc3 Kb5 47. Kb3 Kc5 48. Kc3 Kb5 49. e3 h6 50. Kb3 Kc5 51. Kc3 Kb5 52. h3 Kc5
53. Kb3 Kb5 54. Kc3 Kc5 55. Kb3 Kb5 56. Kc3 Kc5 1/2-1/2

[Event "ICS rated blitz match"]
[Site "204.178.125.65"]
[Date "2000.07.30"]
[Round "?"]
[White "Einsteller"]
[Black "Hossa"]
[Result "0-1"]
[WhiteElo "2147"]
[BlackElo "2456"]
[PlyCount "64"]
[EventDate "2000.??.??"]

1. e4 c5 2. Nf3 g6 3. d4 Bg7 4. d5 d6 5. Nbd2 Nf6 6. Bd3 e6 7. c4 Nbd7 8. O-O
b6 9. a4 Ng4 10. a5 bxa5 11. Nb3 h6 12. Nxa5 Qb6 13. Ra2 Nde5 14. Nxe5 Nxe5 15.
Be2 g5 16. f4 gxf4 17. Bxf4 Ng6 18. Bh5 Bxb2 19. Bxg6 Bd4+ 20. Kh1 fxg6 21. Qg4
Rg8 22. Bxh6 exd5 23. Qg5 Be5 24. exd5 Qd8 25. Qe3 Qh4 26. g3 Qd4 27. Qe2 Qg4
28. Qe3 Bf5 29. Nc6 Qxc4 30. Nxe5 Qxf1+ 31. Qg1 Be4+ 32. Rg2 Bxg2# 0-1

[Event "ICS rated blitz match"]
[Site "204.178.125.65"]
[Date "2000.07.30"]
[Round "?"]
[White "Einsteller"]
[Black "Hossa"]
[Result "0-1"]
[WhiteElo "2138"]
[BlackElo "2465"]
[PlyCount "68"]
[EventDate "2000.??.??"]

1. e4 c5 2. Nf3 g6 3. c3 d5 4. e5 Nc6 5. d4 Bg7 6. h4 cxd4 7. cxd4 Bg4 8. Bb5
Rc8 9. Nc3 e6 10. Qd3 a6 11. Ba4 b5 12. Bd1 Nge7 13. Be2 Nf5 14. Be3 Bxf3 15.
Bxf3 Nxh4 16. Rc1 Nxf3+ 17. gxf3 Rc7 18. Qd2 b4 19. Na4 Bf8 20. Nc5 Bxc5 21.
Rxc5 f6 22. Qc1 Kd7 23. Ke2 fxe5 24. dxe5 Qf8 25. Qd2 Qf5 26. Rhc1 Qxe5 27. Qd3
Qxb2+ 28. R1c2 Qe5 29. Qxa6 Nd4+ 30. Kd3 Nxc2 31. Rxc7+ Qxc7 32. Qa4+ Qc6 33.
Qxc2 Ra8 34. Qb3 Ra3 0-1

[Event "ICS rated blitz match"]
[Site "204.178.125.65"]
[Date "2000.07.30"]
[Round "?"]
[White "Hossa"]
[Black "Tinker"]
[Result "1-0"]
[WhiteElo "2469"]
[BlackElo "2594"]
[PlyCount "43"]
[EventDate "2000.??.??"]

1. d4 d5 2. Nf3 Nc6 3. c4 Bf5 4. cxd5 Qxd5 5. Nc3 Qa5 6. Bd2 Bg4 7. d5 Nb4 8.
Ne5 Nf6 9. f3 Bh5 10. e4 c6 11. a3 Na6 12. dxc6 Qxe5 13. cxb7 Rd8 14. Qa4+ Nd7
15. Qxa6 Qd4 16. Nd5 e6 17. Nc7+ Ke7 18. Bb4+ Nc5 19. Nd5+ exd5 20. Qc6 Qxb4+
21. axb4 Ne6 22. exd5 1-0

[Event "ICS rated blitz match"]
[Site "204.178.125.65"]
[Date "2000.07.30"]
[Round "?"]
[White "Tinker"]
[Black "Hossa"]
[Result "1-0"]
[WhiteElo "2572"]
[BlackElo "2491"]
[PlyCount "101"]
[EventDate "2000.??.??"]

1. e4 c5 2. Nf3 b6 3. Nc3 Bb7 4. d3 e6 5. a4 Nc6 6. Bg5 Be7 7. Bxe7 Ngxe7 8.
Be2 d5 9. O-O d4 10. Nb5 Ng6 11. c3 a6 12. Na3 e5 13. cxd4 exd4 14. Nc4 b5 15.
axb5 axb5 16. Rxa8 Bxa8 17. Na3 Nf4 18. Re1 Qa5 19. Qc1 Ne6 20. Qd2 Qb6 21. Ng5
O-O 22. Nxe6 fxe6 23. Rc1 Rf6 24. Qc2 b4 25. Nb1 Qb8 26. Qxc5 Qf4 27. Rf1 Rg6
28. Qb5 Rh6 29. h3 Rg6 30. Qa6 Qb8 31. Rc1 Bb7 32. Qb5 Qa8 33. Bh5 Rf6 34. Nd2
Rf8 35. Qc4 Rf6 36. Nb3 Na5 37. Qxb4 Nc6 38. Qd6 e5 39. Qd5+ Kh8 40. Nc5 h6 41.
Bg4 Qa7 42. Qd7 Ba6 43. Qe8+ Kh7 44. Nd7 Bb5 45. Nxf6+ gxf6 46. Qf8 Qd7 47.
Bxd7 Ne7 48. Qf7+ Kh8 49. Rc8+ Nxc8 50. Bf5 Nd6 51. Qh7# 1-0

[Event "ICS rated blitz match"]
[Site "204.178.125.65"]
[Date "2000.07.30"]
[Round "?"]
[White "Hossa"]
[Black "Tinker"]
[Result "1-0"]
[WhiteElo "2479"]
[BlackElo "2584"]
[PlyCount "95"]
[EventDate "2000.??.??"]

1. c4 e5 2. Nc3 d6 3. g3 Nc6 4. Bg2 Nf6 5. d3 Bd7 6. Nf3 Be7 7. b3 O-O 8. a3
Bg4 9. h3 Bxf3 10. Bxf3 Qd7 11. Bg2 a6 12. g4 Rfb8 13. g5 Ne8 14. h4 Qg4 15.
Bf3 Qd4 16. Bd2 a5 17. Nd5 Kf8 18. Be4 a4 19. Rb1 Qa7 20. b4 Bd8 21. e3 Ne7 22.
Nxe7 Kxe7 23. Qh5 c6 24. Qxh7 Qb6 25. g6 fxg6 26. Bxg6 d5 27. Qg8 Nd6 28. c5
Qc7 29. Bc3 Kd7 30. Qxg7+ Kc8 31. Qxe5 Be7 32. cxd6 Qxd6 33. Qf5+ Qd7 34. Be5
Qxf5 35. Bxf5+ Kd8 36. e4 Ke8 37. Bxb8 Rxb8 38. e5 c5 39. h5 cxb4 40. h6 Kf7
41. axb4 a3 42. Ke2 Rh8 43. f4 b6 44. Rb3 a2 45. Ra3 Bxb4 46. Rxa2 Be7 47. Ra6
Bd8 48. Ra7+ 1-0

[Event "ICS rated blitz match"]
[Site "204.178.125.65"]
[Date "2000.07.30"]
[Round "?"]
[White "Tinker"]
[Black "Hossa"]
[Result "1-0"]
[WhiteElo "2563"]
[BlackElo "2500"]
[PlyCount "69"]
[EventDate "2000.??.??"]

1. e4 c5 2. Nf3 g6 3. d4 Bg7 4. dxc5 Na6 5. e5 Nxc5 6. Nc3 d6 7. Bf4 Ne6 8. Bg3
Qb6 9. Rb1 a6 10. exd6 exd6 11. Qd2 Ne7 12. Ne4 d5 13. Nd6+ Kd7 14. Ne5+ Bxe5
15. Bxe5 Rf8 16. Ne4 Kc6 17. b4 d4 18. Nf6 Qd8 19. c3 Nf5 20. cxd4 Kb6 21. d5
Neg7 22. g4 Ka7 23. gxf5 Nxf5 24. b5 axb5 25. Bxb5 b6 26. Qb2 Ba6 27. Bxa6 Kxa6
28. Qb5+ Kb7 29. Qc6+ Ka7 30. Qa4+ Kb7 31. Qc6+ Ka7 32. Rb4 b5 33. Qxb5 Qc7 34.
Ra4+ Qa5+ 35. Rxa5# 1-0

[Event "ICS rated blitz match"]
[Site "204.178.125.65"]
[Date "2000.07.30"]
[Round "?"]
[White "Tinker"]
[Black "Hossa"]
[Result "1/2-1/2"]
[WhiteElo "2562"]
[BlackElo "2487"]
[PlyCount "57"]
[EventDate "2000.??.??"]

1. e4 c5 2. Nf3 g6 3. d4 cxd4 4. Qxd4 Nf6 5. e5 Nc6 6. Qa4 Nd5 7. Bb5 Bg7 8.
Qb3 Qc7 9. Bg5 Nxe5 10. Nbd2 h6 11. Qxd5 Nxf3+ 12. gxf3 hxg5 13. O-O-O Rh5 14.
Rde1 g4 15. Qb3 Bh6 16. Qb4 Rc5 17. Bd3 gxf3 18. Qd4 Bxd2+ 19. Kxd2 Rh5 20. Qg7
e6 21. Kc1 Rxh2 22. Qf6 b6 23. Bxg6 fxg6 24. Qxg6+ Ke7 25. Qg7+ Ke8 26. Qg8+
Ke7 27. Qg7+ Ke8 28. Qg8+ Ke7 29. Qg7+ 1/2-1/2

[Event "ICS Rated standard match"]
[Site "204.178.125.65"]
[Date "2000.07.30"]
[Round "?"]
[White "Hossa"]
[Black "Varguz"]
[Result "0-1"]
[WhiteElo "2260"]
[BlackElo "2607"]
[PlyCount "150"]
[EventDate "2000.??.??"]

1. d4 Nf6 2. c4 e6 3. Nc3 Bb4 4. Qc2 O-O 5. a3 Bxc3+ 6. Qxc3 b6 7. Bg5 Bb7 8.
f3 h6 9. Bh4 d5 10. e3 Nbd7 11. Nh3 c5 12. cxd5 Nxd5 13. Bxd8 Nxc3 14. Be7 Rfe8
15. Bh4 Nd5 16. Bb5 g5 17. Bf2 Red8 18. e4 N5f6 19. g4 cxd4 20. Bxd4 Rac8 21.
Nf2 a6 22. Be2 Ne8 23. h4 f6 24. hxg5 hxg5 25. Rd1 e5 26. Bc3 Nc7 27. Bb4 Nc5
28. Bxc5 bxc5 29. Bc4+ Kg7 30. Rxd8 Rxd8 31. b3 Bc8 32. Nd3 Be6 33. Ke2 Bxc4
34. bxc4 Ne6 35. Rb1 Rd4 36. Rb6 Kf7 37. Rxa6 Rxc4 38. Ra7+ Kg6 39. Kd2 Nd4 40.
Ne1 Nb3+ 41. Ke2 Rc1 42. Rc7 Ra1 43. Nc2 Nd4+ 44. Nxd4 cxd4 45. Ra7 Ra2+ 46.
Ke1 Rb2 47. a4 Rb3 48. Kf2 Rb2+ 49. Ke1 Rb1+ 50. Ke2 Rc1 51. a5 Rc2+ 52. Kd3
Rf2 53. a6 Rxf3+ 54. Kc4 Ra3 55. Kb5 Rb3+ 56. Ka4 Rb2 57. Rd7 Ra2+ 58. Kb5 Ra1
59. a7 d3 60. Kb6 Rb1+ 61. Ka6 Ra1+ 62. Kb7 Rb1+ 63. Ka8 Rb3 64. Rd8 Kf7 65.
Rb8 d2 66. Rxb3 d1=Q 67. Rb4 Ke7 68. Rb5 Qa4 69. Rb6 Kd8 70. Kb8 Qd4 71. Kb7
Qxe4+ 72. Kb8 Qd4 73. Rxf6 Qc5 74. a8=N e4 75. Rg6 Qe5+ 0-1

[Event "ICS rated blitz match"]
[Site "204.178.125.65"]
[Date "2000.07.30"]
[Round "?"]
[White "Hossa"]
[Black "Tinker"]
[Result "1-0"]
[WhiteElo "2490"]
[BlackElo "2565"]
[PlyCount "135"]
[EventDate "2000.??.??"]

1. e4 d5 2. exd5 Qxd5 3. Nc3 Qe6+ 4. Nge2 Nf6 5. d4 Qb6 6. Ng3 Bd7 7. Rb1 Na6
8. d5 O-O-O 9. Be3 Bg4 10. Qc1 Qa5 11. a3 e6 12. f3 exd5 13. Bd4 Bd7 14. b4
Nxb4 15. axb4 Bxb4 16. Qb2 c5 17. Bxf6 gxf6 18. Kf2 Bc6 19. Nce2 Ba3 20. Qxf6
c4 21. Nd4 Bc5 22. Rd1 Ba4 23. Qf5+ Kb8 24. Nge2 Qb6 25. g3 f6 26. Bh3 Rde8 27.
Qf4+ Bd6 28. Qd2 Bb4 29. Nc3 Qd6 30. Ra1 Bxc3 31. Qxc3 Bd7 32. Bxd7 Qxd7 33.
Qa3 a6 34. Qa5 Kc8 35. f4 Re4 36. Qb6 Qc7 37. Qxf6 Rd8 38. Rhd1 c3 39. Rab1 Rd6
40. Qf8+ Rd8 41. Qb4 a5 42. Qb5 Rd7 43. Kg1 Qc4 44. Qb6 Qc7 45. Qa7 Kd8 46. Nb5
Qc6 47. Qxa5+ b6 48. Qxc3 Qc5+ 49. Qxc5 bxc5 50. Nc3 Rd4 51. Rxd4 cxd4 52. Ne2
Re7 53. Nxd4 Kc7 54. Rb5 Rd7 55. Kf2 Kd6 56. Ra5 Rb7 57. Ra6+ Kc5 58. Ne6+ Kc4
59. Rc6+ Kb4 60. Rc5 Rb6 61. f5 Rd6 62. c3+ Kb3 63. Rc6 Rxc6 64. Nd4+ Kxc3 65.
Nxc6 Kc4 66. f6 Kc5 67. f7 Kxc6 68. f8=Q 1-0

[Event "ICS rated blitz match"]
[Site "204.178.125.65"]
[Date "2000.07.30"]
[Round "?"]
[White "Varguz"]
[Black "Hossa"]
[Result "1-0"]
[WhiteElo "2806"]
[BlackElo "2509"]
[PlyCount "59"]
[EventDate "2000.??.??"]

1. c4 e5 2. Nc3 Nf6 3. Nf3 Nc6 4. d4 exd4 5. Nxd4 Bb4 6. Bg5 h6 7. Bh4 Nxd4 8.
Qxd4 g5 9. Bg3 d6 10. O-O-O Rg8 11. Ne4 Nxe4 12. Qxe4+ Qe7 13. Qh7 Rg6 14. e4
Qf6 15. Bd3 Rg7 16. Qh8+ Ke7 17. e5 dxe5 18. Bc2 Bd6 19. Rhe1 Bg4 20. Rxd6 cxd6
21. Qxa8 Bd7 22. c5 Ke6 23. Qb8 Kd5 24. Rd1+ Kxc5 25. Qxb7 Qf3 26. gxf3 Bc6 27.
b4+ Kc4 28. Qxc6+ Kxb4 29. a3+ Kxa3 30. Qa4# 1-0

[Event "ICS rated blitz match"]
[Site "204.178.125.65"]
[Date "2000.07.31"]
[Round "?"]
[White "Hossa"]
[Black "PostModernist"]
[Result "0-1"]
[WhiteElo "2504"]
[BlackElo "2623"]
[PlyCount "128"]
[EventDate "2000.??.??"]

1. e4 g6 2. Nf3 Bg7 3. d4 d6 4. c3 Nf6 5. Nbd2 O-O 6. Be2 c5 7. O-O cxd4 8.
cxd4 Nc6 9. d5 Nb8 10. Kh1 e6 11. dxe6 Bxe6 12. Bb5 Nc6 13. Ng5 Qe7 14. f4 Bg4
15. Qa4 Rac8 16. h3 Bd7 17. Rg1 Nh5 18. Qa3 h6 19. Ngf3 Nxf4 20. Qe3 Nd5 21.
Qe2 Ndb4 22. Rf1 Nc2 23. Bxc6 Bxc6 24. Rb1 Bd5 25. b3 f5 26. Nh4 Kh7 27. Nxg6
Kxg6 28. exf5+ Kf7 29. Qh5+ Kg8 30. f6 Bxg2+ 31. Kxg2 Ne3+ 32. Kh1 Rxf6 33. Rg1
Rc2 34. Qh4 Nd1 35. Qh5 Rxd2 36. Bxd2 Qe4+ 37. Rg2 Nf2+ 38. Kh2 Qxb1 39. Qe8+
Kh7 40. Be1 Qe4 41. Qxe4+ Nxe4 42. Rg4 d5 43. Kg1 Rg6 44. Bb4 Rxg4+ 45. hxg4
Nf6 46. Kf2 Nxg4+ 47. Ke2 Kg6 48. a4 Kf5 49. Bc5 b6 50. Bd6 Be5 51. Bxe5 Kxe5
52. b4 Ke4 53. a5 Ne3 54. axb6 axb6 55. b5 d4 56. Kf2 d3 57. Ke1 Nc2+ 58. Kd2
Kd4 59. Kc1 Kc3 60. Kd1 h5 61. Kc1 Ne3 62. Kb1 d2 63. Ka2 d1=Q 64. Ka3 Qb3# 0-1

[Event "ICS rated blitz match"]
[Site "204.178.125.65"]
[Date "2000.07.31"]
[Round "?"]
[White "Tinker"]
[Black "Hossa"]
[Result "1-0"]
[WhiteElo "2474"]
[BlackElo "2493"]
[PlyCount "129"]
[EventDate "2000.??.??"]

1. e4 g6 2. Nc3 Nc6 3. d4 Bg7 4. Nf3 d6 5. Bb5 a6 6. Bxc6+ bxc6 7. O-O a5 8.
Re1 Ba6 9. Be3 Nf6 10. Qd2 Ng4 11. Kh1 Rb8 12. Nd1 a4 13. Qa5 Bb5 14. Bf4 e6
15. c4 Bxc4 16. Bg5 f6 17. Qxa4 Bb5 18. Qb3 Kf7 19. Bf4 Qd7 20. a4 Ba6 21. Qa2
d5 22. Rc1 dxe4 23. Rxe4 Bd3 24. Re1 Bf5 25. Kg1 g5 26. Bd2 Bd3 27. Rc3 Bf5 28.
Qc4 Ke8 29. Qxc6 Qxc6 30. Rxc6 Kd7 31. Rc5 Bf8 32. Ra5 h5 33. d5 e5 34. Ra6 Bg7
35. Rc6 Rb3 36. Ba5 Rb7 37. Nc3 Bd3 38. Rd1 Bc2 39. Rc1 Ra8 40. b4 Bd3 41. Ne1
e4 42. f3 f5 43. fxg4 Bd4+ 44. Kh1 hxg4 45. Nd1 Be5 46. Nxd3 exd3 47. Nf2 d2
48. Rd1 g3 49. Nd3 Bd4 50. Rxd2 Rh8 51. h3 Rc8 52. Rdc2 g4 53. R2c4 Bf2 54.
Ne5+ Ke7 55. Rh6 gxh3 56. d6+ Kf8 57. Bxc7 hxg2+ 58. Kxg2 Rxb4 59. Rxb4 Bc5 60.
Rbh4 Bd4 61. Rxd4 Re8 62. d7 Rxe5 63. Bxe5 Kf7 64. d8=Q f4 65. Rxf4# 1-0

[Event "ICS Rated blitz match"]
[Site "204.178.125.65"]
[Date "2000.07.31"]
[Round "?"]
[White "Hossa"]
[Black "Tinker"]
[Result "1-0"]
[WhiteElo "2476"]
[BlackElo "2491"]
[PlyCount "103"]
[EventDate "2000.??.??"]

1. e4 d5 2. exd5 Qxd5 3. Nc3 Qe6+ 4. Nge2 Na6 5. d4 Nf6 6. d5 Qd6 7. Nf4 Bd7 8.
Bc4 O-O-O 9. Be3 Ng4 10. Nd3 Nxe3 11. fxe3 Qh6 12. Qe2 Qh4+ 13. Nf2 Nc5 14.
O-O-O e5 15. dxe6 Nxe6 16. g3 Qe7 17. Nd3 Qg5 18. Qf2 Kb8 19. h4 Qh6 20. Ne5
Bc5 21. Kb1 Bd6 22. Nxf7 Rhf8 23. Qf5 g6 24. Qf6 Qxe3 25. Rhe1 Qxg3 26. Bxe6
Rde8 27. Qg7 Bb4 28. Ng5 Bxc3 29. Qxc3 Qxc3 30. bxc3 Bxe6 31. Rxe6 Rxe6 32.
Nxe6 Re8 33. Rd8+ Rxd8 34. Nxd8 Kc8 35. Ne6 h6 36. c4 b6 37. c5 Kb8 38. c6 a5
39. c4 Kc8 40. Kb2 Kb8 41. Kb3 Kc8 42. Ka4 Kb8 43. c5 bxc5 44. Kxa5 c4 45. Kb4
Ka7 46. Kxc4 Kb8 47. a4 Ka7 48. a5 g5 49. hxg5 h5 50. g6 h4 51. g7 Ka6 52. g8=R
1-0

[Event "ICS rated blitz match"]
[Site "204.178.125.65"]
[Date "2000.07.31"]
[Round "?"]
[White "Tinker"]
[Black "Hossa"]
[Result "1-0"]
[WhiteElo "2474"]
[BlackElo "2493"]
[PlyCount "145"]
[EventDate "2000.??.??"]

1. e4 e5 2. Nc3 Nf6 3. Nf3 Nc6 4. d4 exd4 5. Nxd4 Bb4 6. Nxc6 bxc6 7. Bg5 Qe7
8. Bd3 d5 9. O-O d4 10. e5 dxc3 11. exf6 gxf6 12. Re1 cxb2 13. Rxe7+ Bxe7 14.
Rb1 fxg5 15. Rxb2 Be6 16. Rb7 Kd7 17. Be4+ Bd6 18. Qa1 a5 19. Qb2 Bc4 20. Bf5+
Ke7 21. Kh1 Be6 22. Bxe6 Kxe6 23. Qc3 f5 24. Kg1 a4 25. Qxc6 Rab8 26. Rb5 Kf6
27. Qc3+ Kg6 28. Qd3 Rxb5 29. Qxb5 a3 30. c4 Rd8 31. g3 g4 32. c5 Be7 33. Qc6+
Bf6 34. Qxc7 Rd2 35. Qb8 Rd1+ 36. Kg2 Kh6 37. c6 Bd8 38. c7 Bxc7 39. Qxc7 Kg6
40. Qc6+ Kf7 41. Qc4+ Kg6 42. Qe6+ Kg7 43. Qxf5 Rd6 44. Qxg4+ Rg6 45. Qd4+ Kg8
46. f4 h6 47. Kf3 Rg7 48. Qd6 Kh7 49. Qxa3 Rf7 50. Qd3+ Kg7 51. a4 Rb7 52. a5
Rf7 53. a6 h5 54. Qd8 Kh7 55. Qd4 h4 56. a7 Rf8 57. Qe4+ Kh8 58. a8=Q Rxa8 59.
Qxa8+ Kg7 60. Qf8+ Kxf8 61. gxh4 Kg7 62. Ke4 Kh7 63. Ke5 Kg6 64. f5+ Kf7 65. f6
Kg6 66. Ke6 Kh6 67. f7 Kg7 68. Ke7 Kg6 69. f8=Q Kh7 70. Ke6 Kg6 71. Qf7+ Kh6
72. Qg8 Kh5 73. Qg5# {Hossa checkmated} 1-0

[Event "ICS rated blitz match"]
[Site "204.178.125.65"]
[Date "2000.07.31"]
[Round "?"]
[White "Hossa"]
[Black "Tinker"]
[Result "0-1"]
[WhiteElo "2476"]
[BlackElo "2491"]
[PlyCount "180"]
[EventDate "2000.??.??"]

1. d4 d5 2. Nf3 Nf6 3. e3 Bg4 4. h3 Bxf3 5. Qxf3 a6 6. c4 e6 7. Nc3 Nc6 8. Bd2
Qe7 9. cxd5 exd5 10. O-O-O O-O-O 11. Kb1 g6 12. h4 Qe6 13. g3 Ne4 14. Nxe4 dxe4
15. Qe2 Be7 16. Bc3 Rhg8 17. Qd2 Qd5 18. Rc1 Rd7 19. Be2 Qf5 20. Rh2 Ne5 21.
Qc2 Nd3 22. Rd1 Nb4 23. Qb3 Nd5 24. Rc1 Nxc3+ 25. Qxc3 Bd6 26. h5 gxh5 27. Qc4
Rg5 28. Bf1 Qg6 29. Qc3 Be7 30. Bh3 f5 31. Bf1 Qb6 32. Bc4 Rd6 33. Rhh1 Kb8 34.
Qc2 Rh6 35. Qa4 c6 36. Qd1 h4 37. Rh3 Rgg6 38. Qh1 Qd8 39. Be2 hxg3 40. Rxh6 g2
41. Qh2+ Bd6 42. Rxg6 Bxh2 43. Rxg2 Bd6 44. Rh1 Qa5 45. Rd1 f4 46. Rg7 f3 47.
Bc4 Qh5 48. d5 c5 49. Rg8+ Ka7 50. a4 Qe5 51. Rh1 Be7 52. Re8 Qg7 53. Rd1 Qf7
54. Rc8 Qg6 55. a5 h5 56. Rh1 h4 57. b3 Qg2 58. Rf1 h3 59. Rh8 Bd6 60. Rh7 Be5
61. Kc2 h2 62. d6 Bxd6 63. Bd5 Kb8 64. Rh8+ Ka7 65. Rh7 Bc7 66. Rxc7 Kb8 67.
Rxb7+ Kc8 68. Rd1 Qxf2+ 69. Rd2 Qxd2+ 70. Kxd2 h1=Q 71. Rf7 Qh2+ 72. Kc3 Qf2
73. Bb7+ Kd8 74. Bxa6 Qxe3+ 75. Kc2 Qf2+ 76. Kc1 e3 77. Rb7 Qd2+ 78. Kb1 Qd1+
79. Kb2 Qd6 80. Rh7 Qd2+ 81. Kb1 Qc3 82. Rb7 e2 83. Rb8+ Ke7 84. Ka2 e1=Q 85.
Rb7+ Kf6 86. Rb6+ Kg5 87. Rg6+ Kxg6 88. Bd3+ Qxd3 89. Kb2 Qdb1+ 90. Ka3 Qxa5# {
Hossa checkmated} 0-1

[Event "ICS Rated standard match"]
[Site "204.178.125.65"]
[Date "2000.07.31"]
[Round "?"]
[White "Hossa"]
[Black "Mefisto5000"]
[Result "1-0"]
[WhiteElo "2258"]
[BlackElo "2011"]
[PlyCount "85"]
[EventDate "2000.??.??"]

1. e4 e6 2. d4 d5 3. Nc3 Nf6 4. Bg5 Be7 5. e5 Nfd7 6. h4 c6 7. Qg4 Kf8 8. O-O-O
b5 9. Bxe7+ Qxe7 10. f4 b4 11. Nce2 h5 12. Qg5 Qxg5 13. hxg5 Kg8 14. f5 exf5
15. Nf4 Nf8 16. Nxh5 Be6 17. Be2 Nbd7 18. Ba6 Rb8 19. Rf1 g6 20. Nf6+ Nxf6 21.
Rxh8+ Kxh8 22. gxf6 Rb6 23. Be2 Bc8 24. Nf3 Ba6 25. Rh1+ Kg8 26. Bxa6 Rxa6 27.
Kb1 Ne6 28. Rh6 Rb6 29. Rh3 a5 30. Kc1 a4 31. Kd1 Rb5 32. Kd2 b3 33. cxb3 axb3
34. a3 c5 35. dxc5 Rxc5 36. Ne1 d4 37. Rxb3 Rxe5 38. Kd1 Nc5 39. Rb8+ Kh7 40.
Nf3 Rd5 41. Ng5+ Kh6 42. Nxf7+ Kh5 43. Nh8 {Mefisto5000 resigns} 1-0

[Event "ICS Rated standard match"]
[Site "204.178.125.65"]
[Date "2000.07.31"]
[Round "?"]
[White "Mefisto5000"]
[Black "Hossa"]
[Result "0-1"]
[WhiteElo "2005"]
[BlackElo "2264"]
[PlyCount "38"]
[EventDate "2000.??.??"]

1. d4 d5 2. c4 e6 3. Nc3 Nf6 4. Bg5 Bb4 5. e3 dxc4 6. Bxc4 c6 7. Nge2 Nbd7 8.
a3 Bd6 9. Qb1 Nb6 10. Bd3 h6 11. Bh4 e5 12. Ne4 Bc7 13. Nxf6+ gxf6 14. O-O exd4
15. Nxd4 Be5 16. Nf5 Na4 17. f4 Bxb2 18. Ra2 Nc3 19. Qxb2 Qxd3 {
Mefisto5000 resigns} 0-1

[Event "ICS rated standard match"]
[Site "204.178.125.65"]
[Date "2000.07.31"]
[Round "?"]
[White "Hossa"]
[Black "Mefisto5000"]
[Result "1-0"]
[WhiteElo "2270"]
[BlackElo "1999"]
[PlyCount "97"]
[EventDate "2000.??.??"]

1. e4 e6 2. d4 d5 3. Nc3 Nf6 4. Bg5 Be7 5. e5 Nfd7 6. h4 Bxg5 7. hxg5 Qxg5 8.
Nf3 Qe7 9. Qd2 c6 10. O-O-O b6 11. Qf4 Ba6 12. Bd3 Bxd3 13. Rxd3 Na6 14. Qg3
O-O-O 15. Ne2 Rdg8 16. Ra3 Kb7 17. Qg5 Qf8 18. Rf1 h6 19. Qh4 g5 20. Qh2 h5 21.
Rd1 h4 22. Kb1 Qh6 23. Ne1 g4 24. Nd3 c5 25. Qh1 c4 26. Ndf4 Nc7 27. Qe1 Qf8
28. Qd2 f5 29. Rc1 Qe7 30. Rh1 Nf8 31. Qe3 Qg5 32. b3 Ng6 33. Nxd5 Qxe3 34.
Nxe3 cxb3 35. Rxb3 Ne7 36. Nc4 Ned5 37. Nd6+ Kb8 38. c4 Ne7 39. Nf4 Ng6 40.
Nxg6 Rxg6 41. Kb2 Rh7 42. a4 Rgh6 43. a5 Na8 44. c5 h3 45. axb6 axb6 46. cxb6
hxg2 47. Rc1 Rh8 48. b7 Nc7 49. Ra3 {Mefisto5000 resigns} 1-0

[Event "ICS rated standard match"]
[Site "204.178.125.65"]
[Date "2000.07.31"]
[Round "?"]
[White "Hossa"]
[Black "stevesand"]
[Result "1-0"]
[WhiteElo "2276"]
[BlackElo "2023"]
[PlyCount "37"]
[EventDate "2000.??.??"]

1. e4 c6 2. d4 d5 3. exd5 cxd5 4. c4 Nf6 5. Nc3 e6 6. Nf3 Be7 7. cxd5 Nxd5 8.
Bd3 O-O 9. O-O Nc6 10. Re1 Nxc3 11. bxc3 b6 12. Qc2 g6 13. Bh6 Re8 14. Bb5 Bb7
15. Qe4 Rc8 16. c4 Na5 17. d5 exd5 18. Qd4 f6 19. Bxe8 1-0

[Event "ICS rated standard match"]
[Site "204.178.125.65"]
[Date "2000.07.31"]
[Round "?"]
[White "stevesand"]
[Black "Hossa"]
[Result "0-1"]
[WhiteElo "2017"]
[BlackElo "2282"]
[PlyCount "24"]
[EventDate "2000.??.??"]

1. Nf3 Nc6 2. d4 d5 3. c4 Bg4 4. Bf4 dxc4 5. e3 e5 6. dxe5 Qxd1+ 7. Kxd1 O-O-O+
8. Kc1 b5 9. a4 Na5 10. Nbd2 Bb4 11. Ra2 Bxd2+ 12. Nxd2 Nb3+ {stevesand resigns
} 0-1

[Event "ICS rated standard match"]
[Site "204.178.125.65"]
[Date "2000.07.31"]
[Round "?"]
[White "stevesand"]
[Black "Hossa"]
[Result "0-1"]
[WhiteElo "2006"]
[BlackElo "2293"]
[PlyCount "82"]
[EventDate "2000.??.??"]

1. Nf3 Nc6 2. d4 d5 3. h3 e6 4. Bf4 Bd6 5. Bg5 Nf6 6. e3 h6 7. Bf4 Bxf4 8. exf4
Qd6 9. Ne5 Qb4+ 10. c3 Qxb2 11. Nd2 Qxc3 12. Bb5 Nd7 13. O-O Ncxe5 14. dxe5 c6
15. Ba4 g5 16. Rc1 Qb2 17. Re1 gxf4 18. Nf3 Qxa2 19. Qd4 b5 20. Bd1 c5 21. Qxf4
Bb7 22. Re2 Qa3 23. Rb1 Qd3 24. Reb2 a6 25. Nd2 Qf5 26. Qxf5 exf5 27. f4 c4 28.
Nf3 Nc5 29. Nd4 Nd3 30. Nxf5 Nxb2 31. Rxb2 Kf8 32. Nd6 Bc6 33. Bh5 Rh7 34. Nf5
c3 35. Rb3 b4 36. Nd4 a5 37. Bd1 Ba4 38. Rb1 Bxd1 39. Rxd1 a4 40. Rc1 b3 41.
Kf2 b2 {stevesand resigns} 0-1

[Event "ICS rated standard match"]
[Site "204.178.125.65"]
[Date "2000.07.31"]
[Round "?"]
[White "stevesand"]
[Black "Hossa"]
[Result "0-1"]
[WhiteElo "1996"]
[BlackElo "2303"]
[PlyCount "26"]
[EventDate "2000.??.??"]

1. d4 Nf6 2. Nf3 d5 3. g3 c6 4. Bg2 e6 5. O-O c5 6. c4 dxc4 7. Qa4+ Nbd7 8. Rd1
cxd4 9. Rxd4 a6 10. Nc3 Bc5 11. Rd1 Qc7 12. Bf4 Qb6 13. Ne4 Nxe4 {
stevesand resigns} 0-1

[Event "ICS rated standard match"]
[Site "204.178.125.65"]
[Date "2000.07.31"]
[Round "?"]
[White "Hossa"]
[Black "stevesand"]
[Result "0-1"]
[WhiteElo "2308"]
[BlackElo "1991"]
[PlyCount "142"]
[EventDate "2000.??.??"]

1. e4 c6 2. d4 d5 3. exd5 cxd5 4. c4 Nf6 5. Nc3 e6 6. Nf3 Be7 7. cxd5 Nxd5 8.
Bd3 O-O 9. O-O Nc6 10. Re1 Nxc3 11. bxc3 b6 12. Qc2 h6 13. Bf4 Bb7 14. Kf1 Rc8
15. a3 Na5 16. Ne5 Qd5 17. Bh7+ Kh8 18. Be4 Ba6+ 19. Kg1 Qb3 20. Rec1 Qxc2 21.
Rxc2 Kg8 22. Nd7 Rfd8 23. Ne5 Bd6 24. g3 Bxe5 25. dxe5 Bd3 26. Bxd3 Rxd3 27. h3
Rcxc3 28. Rxc3 Rxc3 29. Bd2 Rc5 30. Bb4 Rxe5 31. Rc1 Nb3 32. Rc8+ Kh7 33. Rf8
a5 34. Be7 Kg6 35. Rb8 b5 36. g4 Nd2 37. f4 Rd5 38. Rc8 Nc4 39. a4 Nb6 40. Rh8
Nxa4 41. Kf2 f6 42. Ra8 b4 43. Bxb4 axb4 44. Rxa4 Rb5 45. Ra2 b3 46. Rb2 e5 47.
Ke3 Rb4 48. fxe5 fxe5 49. Kf3 Kf6 50. Kf2 Ke6 51. Ke2 Kd5 52. Kd3 Rb7 53. Kc3
Ke4 54. Kc4 Kf3 55. Kd5 e4 56. Kc6 Rb8 57. Kc7 Rb4 58. Kc6 e3 59. Kc5 Rb8 60.
Rb1 e2 61. Kd4 Kf2 62. Kc3 e1=Q+ 63. Rxe1 Kxe1 64. Kb2 Kd2 65. h4 Rb7 66. g5
hxg5 67. h5 g4 68. Ka3 b2 69. h6 gxh6 70. Ka4 b1=Q 71. Ka5 Qa2# {
Hossa checkmated} 0-1